Artyści z największą liczbą sprzedanych płyt - Statystyki

Ogólne statystyki
  • Ten quiz został rozwiązany 668 razy
  • Średni wynik to 5 z 15
Statystyki odpowiedzi
Odpowiedź % Poprawnych
1 miliard The Beatles
68%
750 milionów Michael Jackson
64%
300 milionów Queen
51%
250 milionów The Rolling Stones
40%
240 milionów Eminem
39%
335 milionów Madonna
34%
600 milionów Elvis Presley
33%
250 milionów Rihanna
33%
200 milionów AC/DC
32%
300 milionów ABBA
20%
300 milionów Elton John
20%
250 milionów Pink Floyd
18%
200 milionów Taylor Swift
18%
300 milionów Led Zeppelin
17%
200 milionów Whitney Houston
12%
Nie znaleziono quizów pasujących do podanych kryteriów
Rozkład punktacji
Procent ludzi z każdym wynikiem
Percentyl według liczby udzielonych odpowiedzi
Twoja historia wyników
Nie rozwiązałeś tego quizu